Wehrbauten und Adelssitze Niederösterreichs /

Disimpan dalam:
Butiran Bibliografi
Pengarang-pengarang Utama: Mochty-Weltin, Christina, (Author), Kühtreiber, Thomas, (Author), Kühtreiber, Karin, (Author), Zehetmayer, Alexandra, (Author)
Pengarang-pengarang Lain: Weltin, Maximilian, 1940- (Contributor), Woldron, Ronald, (Contributor), Zehetmayer, Roman, (Contributor)
Format: Buku
Bahasa:German
Diterbitkan: St. Pölten : NÖ Institut für Landeskunde, 2014.
Siri:Viertel unter dem Wienerwald ; Band 3.
Subjek-subjek:
Penanda-penanda: Tambah Penanda
Tiada Penanda, Jadilah orang pertama menanda rekod ini!
LEADER 01692nam a2200409Ii 4500
001 014166370-7
005 20141204112649.0
008 141019s2014 au abe b 000 0 ger d
020 |a 9783901635786 (hd.bd.) 
035 0 |a ocn891032462 
035 |a (MARCnow)har145016885 
040 |a NyNyMAR  |b eng  |e rda  |c NyNyMAR 
043 |a e-au--- 
090 |a DB126  |b .W44 2014 
245 0 0 |a Wehrbauten und Adelssitze Niederösterreichs /  |c Christina Mochty-Weltin, Karin und Thomas Kuhtreiber, Alexandra Zehetmayer ; mit Beiträgen von Maximilian Weltin, Ronald Woldron, Roman Zehetmayer. 
264 1 |a St. Pölten :  |b NÖ Institut für Landeskunde,  |c 2014. 
300 |a 396 pages :  |b illustrations (chiefly color), maps, plans ;  |c 24 cm. 
336 |a text  |2 rdacontent 
337 |a unmediated  |2 rdamedia 
338 |a volume  |2 rdacarrier 
490 0 |a Sonderreihe der "Studien und Forschungen aus dem Niederösterreichischen Institut für Landeskunde" ;  |v Band 3 
490 1 |a Viertel unter dem Wienerwald ;  |v Band 3 
504 |a Includes bibliographical references. 
650 0 |a Castles  |z Austria  |z Lower Austria  |x History. 
650 0 |a Fortification  |z Austria  |z Lower Austria  |x History. 
650 0 |a Palaces  |z Austria  |z Lower Austria  |x History. 
700 1 |a Mochty-Weltin, Christina,  |e author. 
700 1 |a Kühtreiber, Thomas,  |e author. 
700 1 |a Kühtreiber, Karin,  |e author. 
700 1 |a Zehetmayer, Alexandra,  |e author. 
700 1 |a Weltin, Maximilian,  |d 1940-  |e contributor. 
700 1 |a Woldron, Ronald,  |e contributor. 
700 1 |a Zehetmayer, Roman,  |e contributor. 
830 0 |a Viertel unter dem Wienerwald ;  |v Band 3. 
899 |a 415_565122 
988 |a 20140919 
906 |0 VEN